000 00252nam a2200097Ia 4500
001 695001
005 20250826161944.0
008 250824s9999 xx 000 0 und d
245 0 _aEFLATUN BEYLE RAKIM EFENDİİ
_cAHMET MİTHAT EFENDİ
260 _bAKVARYUM
999 _c695001
_d695001